[Event "84th Annual Southwest Open"]
[Site "Irving"]
[Date "2018.09.02"]
[Round "4"]
[White "Stremavicius, Titas"]
[Black "Guo, Arthur"]
[Result "1/2-1/2"]
[WhiteElo "2467"]
[BlackElo "2283"]
[Annotator "TA"]
[PlyCount "86"]
[EventDate "2018.08.31"]
[EventType "swiss"]
[EventCountry "USA"]
[SourceTitle "playchess.com"]
[Source "ChessBase"]
[SourceQuality "1"]

{[%evp 20,86,19,0,20,0,0,0,0,0,0,0,8,0,16,0,0,0,7,8,3,12,6,8,5,14,10,4,0,0,0,-15,32,25,25,26,94,102,110,85,84,84,84,89,90,79,72,75,67,63,101,43,43,43,43,33,45,27,36,23,45,-8,0,0,0,0,0,0,0]} 1. d4 Nf6 2. c4 e6 3. Nc3 Bb4 4. e3 c5 5. Nge2 cxd4 6. exd4 d5 7. a3 Be7 8. Nf4 Nc6 {E42: Nimzo-Indian: Rubinstein: 4...c5 5 Ne2} (8... dxc4 9. Bxc4 O-O 10. O-O Bd6 11. Be3 Qc7 12. Nb5 Qxc4 13. Nxd6 Qa6 14. Nxc8 Rxc8 15. d5 Rd8 16. Qb3 Nxd5 17. Rfd1 Nc6 18. Nxd5 exd5 19. Rxd5 Rxd5 20. Qxd5 {½-½ (29) Fier,A (2620)-Ivanchuk,V (2710) Jurmala 2016}) 9. cxd5 Nxd5 10. Ncxd5 exd5 11. Be3 {LiveBook: 9 Games} Bg5 12. Be2 O-O 13. O-O Bxf4 14. Bxf4 Qb6 15. Bd6 $146 ({Predecessor:} 15. b4 Qxd4 16. Be3 Qe5 {0-1 (42) Ree,H (2420)-Olafsson,F Wijk aan Zee 1976}) 15... Re8 16. Bc5 Qd8 17. Bf3 Be6 18. Qd2 Qd7 19. h3 b6 20. Bb4 $1 a5 21. Bc3 Ne7 22. Rfe1 Nf5 23. Qf4 Nd6 24. Re5 Nc4 25. Rg5 a4 26. Re1 g6 {[%cal Bg7g6,Bg6g5][%mdl 32]} 27. Be2 $36 {[%mdl 2048] Hoping for Bxc4. White is pushing.} Nd6 {[#]} (27... b5 $11) 28. Re5 $1 $16 Kg7 29. Bd3 f6 30. R5e3 g5 31. Qf3 Bf7 32. h4 {And now hxg5 would win.} h6 33. Bb4 Rxe3 34. Rxe3 Re8 35. hxg5 (35. Bxd6 $16 Rxe3 36. Qxe3 (36. fxe3 Qxd6 37. hxg5 hxg5 $11) 36... Qxd6 37. hxg5 fxg5 38. Bb5) 35... hxg5 $14 36. Rxe8 Nxe8 37. Bf5 Qc7 38. Qe3 Nd6 39. Bd3 Nc4 40. Bxc4 (40. Qh3 $14 Bg6 41. Bf8+ Kxf8 42. Bxg6) 40... Qxc4 {The position is equal.} 41. f4 gxf4 42. Qxf4 Qe2 43. Kh2 Qh5+ {Precision: White = 56%, Black = 72%.} 1/2-1/2

[Event "84th Annual Southwest Open"]
[Site "Irving"]
[Date "2018.09.02"]
[Round "4"]
[White "Arribas Lopez, Angel"]
[Black "Reshef, Omer"]
[Result "1-0"]
[WhiteElo "2460"]
[BlackElo "2497"]
[Annotator "TA"]
[PlyCount "99"]
[EventDate "2018.08.31"]
[EventType "swiss"]
[EventCountry "USA"]
[SourceTitle "playchess.com"]
[Source "ChessBase"]
[SourceQuality "1"]

{[%evp 14,99,18,-12,21,-10,5,-15,22,17,14,0,25,-16,-15,-23,-29,-57,-54,-55,-60,-61,-53,-63,-36,-40,-18,-25,-25,-22,-20,-22,-14,-17,-20,-13,-10,-17,-7,-8,0,0,55,55,116,116,112,110,128,118,167,169,158,157,157,145,169,169,188,187,191,177,191,191,184,177,184,143,159,147,153,149,266,216,334,245,257,187,187,187,187,187,186,172,418,410,437,422]} 1. e4 e5 2. Nf3 Nf6 3. d3 Nc6 4. Be2 d5 5. Nbd2 Be7 6. c3 O-O {C44: Ponziani Opening and Scotch Gambit} 7. b4 (7. O-O Re8 8. b4 Bd6 9. Re1 Ne7 10. Bf1 c6 11. a4 Ng6 12. g3 a5 13. b5 h6 14. Rb1 Bd7 15. c4 dxe4 16. dxe4 {0-1 (34) Jobava,B (2673)-Inarkiev,E (2668) Minsk 2015}) 7... a6 8. Bb2 {LiveBook: 3 Games} Bg4 {The position is equal.} 9. a3 Re8 10. h3 Bh5 11. Qc2 $146 ({Predecessor:} 11. O-O dxe4 12. dxe4 Bg6 13. Qc2 {1-0 (37) Fluvia Poyatos,J (2197)-Exposito Amaro,J Catalunya 2000}) 11... Bf8 12. Rd1 Qd7 13. Nf1 Bxf3 14. Bxf3 d4 $1 15. c4 a5 16. b5 Nd8 17. Nh2 Qd6 18. O-O c6 19. a4 cxb5 20. axb5 Ne6 21. Ra1 b6 22. g3 Qc7 23. h4 Bd6 24. Bg2 Nd7 25. Bh3 Ndc5 26. Nf3 a4 27. Nd2 Qe7 (27... Ra7 $11) 28. Bxe6 $1 $14 fxe6 (28... Nxe6 $14 29. Rxa4 Rxa4 30. Qxa4 Qb7) 29. Ba3 $16 Nb3 30. Nxb3 Bxa3 31. Nd2 {[%cal Bb3d2,Bd2f3,Bf3h2,Bh2g4,Bg4e5,Be5c6][%mdl 32]} Bb4 32. Nf3 Qf6 {[#]} 33. Nh2 $1 a3 34. Ng4 Qe7 35. Nxe5 Bc3 36. Ra2 Qc5 37. f4 Bb2 38. Qb3 Ra7 39. Nc6 Raa8 40. e5 Qf8 41. Qd1 Qf7 42. Qf3 h5 (42... Kh8 $16 {is a better defense.} 43. h5 Rf8) 43. Qe4 Qd7 (43... g6 $142 44. Kh2 Kg7 45. Nxd4 Rad8) 44. Qg6 Qf7 45. Qxf7+ Kxf7 46. Kf2 Rec8 47. Kf3 Rc7 48. Ke4 Kg6 $2 {[#]} (48... g6 49. Nxd4 Rd7) 49. f5+ $18 exf5+ 50. Rxf5 {Precision: White = 60%, Black = 37%.} 1-0

[Event "84th Annual Southwest Open"]
[Site "Irving"]
[Date "2018.09.01"]
[Round "4"]
[White "Hilby, Craig"]
[Black "Berczes, David"]
[Result "*"]
[WhiteElo "2420"]
[BlackElo "2501"]
[Annotator "TA"]
[PlyCount "31"]
[EventDate "2018.08.31"]
[EventType "swiss"]
[EventCountry "USA"]
[SourceTitle "playchess.com"]
[Source "ChessBase"]
[SourceQuality "1"]

{[%evp 15,16,0,0]} 1. e4 e5 2. Nf3 Nc6 {[%cal Bb8c6,Bc6e5,Be5g4][%mdl 32]} 3. Nc3 Nf6 4. Bb5 Bc5 5. O-O O-O 6. Nxe5 Nxe5 7. d4 Bd6 8. f4 Neg4 {LiveBook: 43 Partien. C48: Vierspringerspiel (Rubinstein-Variante)} {Vorgänger:} 9. e5 $146 Be7 10. f5 d6 11. exf6 Nxf6 12. Qf3 c6 13. Bd3 Qb6 14. Be3 Qxb2 15. Ne2 d5 16. g4 {1-0 (29) Inarkiev,E (2684)-Lysyj,I (2630) Yaroslavl 2018} *

[Event "84th Annual Southwest Open"]
[Site "Irving"]
[Date "2018.09.02"]
[Round "4"]
[White "Hilby, Craig"]
[Black "Berczes, David"]
[Result "1/2-1/2"]
[WhiteElo "2420"]
[BlackElo "2501"]
[Annotator "TA"]
[PlyCount "58"]
[EventDate "2018.08.31"]
[EventType "swiss"]
[EventCountry "USA"]
[SourceTitle "playchess.com"]
[Source "ChessBase"]
[SourceQuality "1"]

{[%evp 17,58,-9,-9,-11,-11,-15,-16,-19,-13,-2,-4,-145,-72,-71,-76,-105,-105,-102,-96,-136,-141,-181,-188,-192,-176,-181,-187,-191,-89,-91,0,-184,0,-86,0,0,0,0,0,0,0,0,0]} 1. e4 e5 2. Nf3 Nc6 3. Nc3 Nf6 4. Bb5 Bc5 5. O-O O-O 6. Nxe5 Nxe5 7. d4 Bd6 8. f4 Neg4 {C48: Vierspringerspiel (Rubinstein-Variante)} 9. h3 (9. e5 Be7 10. f5 d6 11. exf6 Nxf6 12. Qf3 c6 13. Bd3 Qb6 14. Be3 Qxb2 15. Ne2 d5 16. g4 {1-0 (29) Inarkiev,E (2684)-Lysyj,I (2630) Yaroslavl 2018}) 9... Bb4 {LiveBook: 3 Partien. Schwarz will ...Lxc3 spielen.} 10. hxg4 {g5 ist eine echte Drohung.} Bxc3 $1 11. bxc3 Nxe4 12. Qf3 $146 ({Vorgänger:} 12. Bd3 d5 13. Bxe4 dxe4 14. f5 Qh4 15. Qe2 Re8 16. Be3 {0-1 (72) Van Osch,M (2324)-Krysa,L (2533) Dieren 2018}) 12... f5 13. gxf5 d5 14. g4 (14. Bd3 $11) 14... c6 (14... h5 $142 $1 15. g5 Bxf5) 15. Bd3 $17 h5 $1 {[%cal Rh5g4]} 16. Bxe4 dxe4 17. Qxe4 hxg4 18. Ba3 Re8 (18... Rxf5 $6 19. Rae1 $11) 19. Qd3 {[#]} Qh4 $1 20. Rf2 {[#] Schwarz muss nun Dc4+ beachten.} Bxf5 $1 {[%mdl 512]} 21. Qxf5 Qg3+ 22. Kf1 (22. Rg2 Re1+ 23. Rxe1 Qxe1+ 24. Kh2 Qh4+ 25. Kg1 Re8 $19) 22... Qh3+ (22... Qxc3 $19 23. Rb1 Qxa3) 23. Kg1 {Und Dd3 würde nun gewinnen.} Qg3+ (23... Qxc3 $17 24. Raf1 Qxa3 25. Qxg4 Qe3) 24. Kf1 $1 $19 (24. Rg2 $2 Re1+ 25. Rxe1 Qxe1+ 26. Kh2 Qh4+ 27. Kg1 Re8 $19) 24... Qh3+ (24... Qxc3 $19 {bietet bessere Gewinnchancen.} 25. Rb1 Qxa3) 25. Kg1 $17 {Und weiter mit Dd3 wäre nett.} Re3 ({Günstiger ist} 25... Qxc3 $17 26. Raf1 Qxa3 27. Qxg4 Qe3) 26. Rh2 $11 {Die Stellung ist ausgeglichen.} Qg3+ 27. Kh1 $1 {Droht Dh7+ und aus.} ({Nur nicht} 27. Rg2 $2 Re1+ 28. Rxe1 Qxe1+ 29. Kh2 Qh4+ 30. Kg1 Re8 $19) 27... Qf3+ 28. Kg1 {zielt auf Tf1 ab.} Qg3+ $1 29. Kh1 $1 {Droht stark Dh7+.} ({Aber nicht} 29. Rg2 $2 Re1+ 30. Rxe1 Qxe1+ 31. Kh2 Qh4+ 32. Kg1 Re8 $19) 29... Qf3+ {Precision: Weiß = 65%, Schwarz = 58%.} 1/2-1/2

[Event "84th Annual Southwest Open"]
[Site "Irving"]
[Date "2018.09.02"]
[Round "4"]
[White "Wang, Justin"]
[Black "Kung, Thomas"]
[Result "1-0"]
[WhiteElo "2391"]
[BlackElo "2132"]
[Annotator "TA"]
[PlyCount "21"]
[EventDate "2018.08.31"]
[EventType "swiss"]
[EventCountry "USA"]
[SourceTitle "playchess.com"]
[Source "ChessBase"]
[SourceQuality "1"]

{[%evp 9,21,-397,-415,-410,-382,-531,-323,-587,-377,-607,155,-1594,141,-1633]} 1. Nf3 Nc6 2. Ne5 $146 ({Vorgänger:} 2. d4 d6 3. e4 Nf6 4. Nc3 g6 5. d5 Nb8 6. Be2 Bg7 7. O-O O-O 8. Re1 c6 9. a4 b6 10. Nd4 Bb7 11. a5 c5 12. Nf3 Na6 13. Bf4 Nc7 14. Qd2 Re8 15. h3 Qd7 16. a6 Bc8 {0-1 (53) Khismatullin,D (2632)-Rapport,R (2707) Riadh 2017}) 2... Nxe5 3. c3 d5 4. Qc2 Be6 5. h4 Qd7 6. h5 {A04: Holländisches System ohne Übergang in andere Systeme} f6 7. c4 b5 8. Kd1 $2 {[#]} (8. cxd5 Bxd5 9. Nc3) 8... Bf7 9. a3 $2 (9. cxd5 Bxd5 10. d4) 9... Bg6 $2 (9... dxc4 $19 10. Ke1 Nh6) 10. b3 $2 (10. hxg6 $16 Nh6 11. cxd5) 10... a5 $2 ({Besser ist} 10... Bxc2+ $19 11. Kxc2 bxc4) 11. h6 $2 {[%mdl 40960] Precision: Weiß =  0%, Schwarz =  0%. . Loss on Time!?} (11. hxg6 $16 Nxg6 {[#]} 12. Rxh7 $1 {[%mdl 512]}) 1-0

[Event "84th Annual Southwest Open"]
[Site "Irving"]
[Date "2018.09.02"]
[Round "4"]
[White "Ynojosa Aponte, Felix Jose"]
[Black "Nguyen, Emily"]
[Result "1-0"]
[WhiteElo "2370"]
[BlackElo "2194"]
[Annotator "NA RC"]
[PlyCount "79"]
[EventDate "2018.08.31"]
[EventType "swiss"]
[EventCountry "USA"]
[SourceTitle "playchess.com"]
[Source "ChessBase"]
[SourceQuality "1"]
[TimeControl "5400+30"]

{[%evp 20,77,38,10,36,8,8,0,0,-8,0,-16,32767,32767,32767,32767,0,16,32767,32767,20,25,30,27,32767,32767,37,32767,57,44,54,54,34,38,29,6,43,17,34,32767,32767,32767,32767,32767,32767,5,42,14,14,8,10,9,213,15,254,250,403,396,613,660]} 1. c4 {[%emt 0:07:05]} e6 {[%emt 0:00:00]} 2. Nc3 {[%emt 0:00:03]} d5 {[%emt 0:00:00]} 3. d4 {[%emt 0:00:11]} Nf6 {[%emt 0:00:00]} 4. Bg5 {[%emt 0:01:15]} c6 {[%emt 0:01:30]} 5. e3 {[%emt 0:00:39]} Nbd7 {[%emt 0:00:28]} 6. cxd5 {[%emt 0:00:35]} exd5 {[%emt 0:00:21]} 7. Bd3 {[%emt 0:00:04]} Be7 {[%emt 0:01:37]} 8. Qc2 {[%emt 0:01:12]} O-O {[%emt 0:00:55]} 9. h3 {[%emt 0:00:42]} Re8 {[%emt 0:04:46]} 10. Nf3 {[%emt 0:00:13]} Nf8 {[%emt 0:02:25] LiveBook: 795 Partien} 11. Rb1 {[%emt 0:01:35] D36: Queen's Gambit Declined: Exchange Variation: Main line (5 Bg5 c6 6 Qc2)} (11. O-O Be6 12. Ne5 N6d7 13. Bxe7 Qxe7 14. f4 f6 15. Nxd7 Qxd7 16. Rae1 Re7 17. f5 Bf7 18. Qf2 Rae8 19. Qf4 g5 20. fxg6 Bxg6 21. Bxg6 Nxg6 {½-½ (41) Rakhmanov,A (2659)-Berkes,F (2653) Hungary 2017}) 11... a5 {[%emt 0:03:02]} 12. a3 {[%emt 0:01:18]} Ne4 {[%emt 0:03:31]} 13. Bf4 {[%emt 0:03:46]} Bd6 $146 {[%emt 0:13:20]} ({Predecessor:} 13... Nxc3 14. bxc3 Bxa3 15. c4 dxc4 16. Bxc4 Bb4+ 17. Ke2 Be6 18. Bd3 Qd5 {0-1 (32) Kleibel,U (1999)-Mazarov,J (2177) playchess.com INT 2009}) 14. Bxd6 {[%emt 0:01:46]} Nxd6 {[%emt 0:00:12]} 15. O-O {[%emt 0:01:03]} Qf6 {[%emt 0:00:44]} 16. Ne5 {[%emt 0:01:01]} Bf5 {[%emt 0:04:20]} 17. b4 {[%emt 0:00:40]} axb4 {[%emt 0:10:25]} 18. axb4 {[%emt 0:00:03]} Bxd3 {[%emt 0:00:56]} 19. Qxd3 {[%emt 0:00:10]} Qe6 {[%emt 0:10:22]} 20. b5 {[%emt 0:01:20]} f6 {[%emt 0:03:32]} 21. Nf3 {[%emt 0:00:09]} Ra3 {[%emt 0:03:37]} 22. bxc6 {[%emt 0:00:04]} bxc6 {[%emt 0:00:07]} ({Black should play} 22... Ne4 $11 23. Nxe4 Rxd3) 23. Nd2 {[%emt 0:00:08]} Nd7 {[%emt 0:01:58]} 24. Qc2 {[%emt 0:00:51]} Rea8 {[%emt 0:04:24]} 25. Rfc1 {[%emt 0:01:55]} R3a6 {[%emt 0:00:53]} 26. e4 {[%emt 0:01:42]} dxe4 {[%emt 0:02:38]} 27. Ncxe4 {[%emt 0:01:02]} Nxe4 {[%emt 0:01:09]} 28. Nxe4 {[%emt 0:00:04]} Ra4 {[%emt 0:05:35]} 29. Rd1 {[%emt 0:07:49]} Ra2 {[%emt 0:05:42]} 30. Qd3 {[%emt 0:01:23]} R2a3 {[%emt 0:00:21]} 31. Nc3 {[%emt 0:01:23]} Nf8 {[%emt 0:04:42]} 32. Rb6 {[%emt 0:02:03]} Rc8 {[%emt 0:05:04]} 33. Rb7 {[%emt 0:02:25]} Rd8 {[%emt 0:01:36]} 34. Qd2 {[%emt 0:01:10]} Qc4 {[%emt 0:01:07]} 35. Ne4 {[%emt 0:00:38]} Ra4 $2 {[%emt 0:01:35] [#]} (35... Rb3 $11 {and Black has nothing to worry.} 36. Re7 Qb4) 36. Qe3 {[%emt 0:02:51]} (36. Qf4 $1 $16 Rxd4 37. Rxd4 Qxd4 38. Qg3 Ra1+ 39. Kh2) 36... Rxd4 $2 {[%emt 0:01:17]} ({Better is} 36... Rb4 $14 37. Re7 Qc2) 37. Rc1 {[%emt 0:01:11]} Qe6 $2 {[%emt 0:02:13]} (37... Rxe4 {is a better defense.} 38. Rxc4 Rxe3 39. Rxa4 Re8) 38. Qg3 {[%emt 0:00:44]} g6 $18 {[%emt 0:01:44]} (38... Rd7 $142) 39. Nc5 $1 {[%emt 0:00:14]} ({Avoid the trap} 39. Qc7 $2 Rd7 $19) 39... Qa2 {[%emt 0:00:43]} 40. Qc7 {[%emt 0:00:39]} 1-0

[Event "84th Annual Southwest Open"]
[Site "Irving"]
[Date "2018.09.02"]
[Round "4"]
[White "Li, Ben"]
[Black "Drozdowski, Kacper"]
[Result "1-0"]
[WhiteElo "2324"]
[BlackElo "2489"]
[Annotator "TA"]
[PlyCount "103"]
[EventDate "2018.08.31"]
[EventType "swiss"]
[EventCountry "USA"]
[SourceTitle "playchess.com"]
[Source "ChessBase"]
[SourceQuality "1"]

{[%evp 9,103,22,43,45,69,32,40,0,53,53,35,11,2,7,20,9,21,9,26,21,89,22,28,15,38,22,46,79,62,-34,-37,-76,-88,-72,-72,-164,-158,-29984,-29985,-29985,-29986,-803,-673,-718,0,0,0,0,0,0,0,0,0,0,0,0,0,0,181,193,180,171,300,293,648,630,687,650,644,684,683,683,635,638,1143,677,805,754,977,899,1329,1302,12838,12839,12839,12839,29988,29989,29989,12844,12844,12844,12843,12843,12842,1618]} 1. d4 d5 2. Nf3 a6 3. Bf4 e6 4. e3 Nf6 5. c4 (5. Bd3 c5 6. c3 Bd6 7. Bg3 Nc6 8. Nbd2 O-O 9. Ne5 Ne7 10. O-O b6 11. Bh4 Nf5 12. Bg5 h6 {1-0 (42) Carlsen,M (2834)-Yu,Y (2736) Doha 2015 CBM 170 [Sagar Shah/CB Website]}) 5... dxc4 6. Bxc4 {D02: 1 d4 d5 2 Nf3 sidelines, including 2...Nf6 3 g3 and 2...Nf6 3 Bf4} b5 7. Bd3 Bb7 8. a4 $146 {White is slightly better.} ({Predecessor:} 8. O-O Be7 9. Nbd2 Nh5 10. Bg3 Nxg3 11. fxg3 c5 {½-½ (62) Boerkey,P (1331)-Starkbaum,M (1720) Wiesbaden 2015}) 8... b4 ({Better is} 8... Bb4+ $11 9. Nbd2 Nbd7) 9. Nbd2 $14 c5 10. Nb3 cxd4 11. Nbxd4 Nbd7 12. O-O Nc5 13. Bc4 $36 {[%mdl 2048] Black is under pressure.} Rc8 14. a5 Nfe4 (14... Nd5 $11) 15. Qe2 (15. Ne5 $16) 15... Bd6 $11 16. Rfd1 Qe7 17. Qe1 Bxf4 18. exf4 O-O 19. Qxb4 (19. Ne5 $14) 19... Nxf2 $1 $15 20. Rdc1 Bxf3 $1 21. Nxf3 {next Bxa6 is good for White.} Rb8 22. Qa3 (22. Qc3 $17) 22... Qa7 $1 $19 23. Kxf2 $2 (23. Kf1 $17) 23... Ne4+ 24. Ke2 Qf2+ 25. Kd3 Nc5+ 26. Kc3 Rfd8 $2 (26... Qe3+ $19 27. Kc2 Qe4+ 28. Kc3 Rb3+ $3 {[%mdl 512]} 29. Qxb3 Qe3+ 30. Kc2 Nxb3 31. Bxb3 Qe4+ 32. Kd1 Rd8+ 33. Nd2 Qxg2) 27. b4 $11 Ne4+ (27... Qxg2 $5 28. Rf1 $8 Ne4+ 29. Kb3 Nc5+ 30. Kc3 Ne4+ 31. Kb3 Nc5+ 32. Kc3 $11) 28. Kb3 {Threatens to win with Rc2.} Nc5+ $1 29. Kc3 {And now Rc2 would win.} Qxg2 30. Rf1 Ne4+ 31. Kb3 Nc5+ 32. Kc3 Ne4+ 33. Kb3 Rbc8 $2 (33... Nc5+ $11 34. Kc3) 34. Ra2 $18 {[%cal Ba1a2,Ba2c2,Bc2c4][%mdl 32]} Qh3 {[#] White must now prevent ...Rxc4!} 35. Qc1 $1 e5 (35... h5 $142 36. Ka4 Rd3 37. Bxd3 Rxc1 38. Rxc1 Qxf3 39. Bxa6 Nc3+ 40. Rxc3 Qxc3) 36. fxe5 Rd4 $2 (36... Kf8 37. Kb2 Rc7) 37. Rc2 Rcxc4 38. Rxc4 {Threatening mate with Rc8+.} Nd2+ 39. Ka2 {Rc8+ would kill now.} Rxc4 40. Qxd2 {[%cal Rd2d8]} Rc8 41. Rc1 {Hoping for Ng5.} Rb8 42. Rc3 h6 43. Qd6 Qg2+ 44. Ka3 Ra8 45. e6 fxe6 46. Qxe6+ Kh8 47. Ne5 Qd2 48. Nf7+ Kh7 49. Ng5+ (49. Qe4+ $142 Kg8 50. Qxa8+ Kxf7 51. Rc7+ Kf6 52. Qf3+ Ke5 53. Rc5+ Ke6 54. Qf5+ Ke7 55. Rc7+ Kd6 56. Rd7+ Kc6 57. Qe6+ Qd6 58. Qxd6+ Kb5 59. Qd5#) 49... Qxg5 {White is clearly winning.} 50. Qe4+ Qg6 51. Qxa8 Qb1 52. Qf3 {Precision: White = 29%, Black = 42%.} 1-0

[Event "84th Annual Southwest Open"]
[Site "Irving"]
[Date "2018.09.02"]
[Round "4"]
[White "Lin, Andy"]
[Black "Dejmek, Mark"]
[Result "1/2-1/2"]
[WhiteElo "2274"]
[BlackElo "1998"]
[Annotator "TA"]
[PlyCount "134"]
[EventDate "2018.08.31"]
[EventType "swiss"]
[EventCountry "USA"]
[SourceTitle "playchess.com"]
[Source "ChessBase"]
[SourceQuality "1"]

{[%evp 25,134,31,39,25,39,28,68,60,78,68,74,0,0,0,0,0,0,13,11,0,10,3,26,0,4,0,4,0,6,0,0,0,7,0,0,0,0,0,18,13,27,0,0,0,14,0,0,0,0,0,16,20,28,31,34,10,12,0,0,0,14,-11,0,0,0,0,0,0,0,0,0,0,0,0,7,0,0,0,62,0,0,0,0,0,0,0,0,0,0,0,0,0,0,0,0,0,0,0,0,0,0,0,0,0,0,0,0,0,0,0,0]} 1. Nf3 c5 2. c4 Nf6 3. g3 b6 4. Bg2 Bb7 5. O-O e6 6. Nc3 Be7 7. Re1 Ne4 8. Nxe4 Bxe4 9. d3 Bb7 10. e4 d6 11. d4 cxd4 12. Nxd4 O-O 13. Be3 {A17: English Opening: 1...Nf6 with ...Bb4} (13. b3 a6 14. Bb2 Qc7 15. Qg4 g6 16. e5 Bxg2 17. exd6 Bxd6 18. Kxg2 Nd7 19. Nf3 Rad8 20. Rad1 Be7 {1-0 (54) Gelfand,B (2729)-Inarkiev,E (2702) Nazran 2017}) 13... a6 {LiveBook: 11 Games} 14. a4 Nd7 15. a5 {White is slightly better.} Rb8 $146 ({Predecessor:} 15... bxa5 16. Bd2 Qc7 17. Bxa5 Qxc4 18. Rc1 Qa2 19. b4 Bf6 20. Rc7 Nc5 {1-0 (45) Domogaev,S (2442)-Gusev,A (2421) Kireevsk 2011}) 16. axb6 Nxb6 17. Qe2 Bf6 18. c5 (18. Rec1 $16) 18... dxc5 $11 19. Nb3 $1 {[%cal Rb3c5]} Nd7 20. Nxc5 Nxc5 21. Bxc5 Be7 22. b4 Bxc5 23. bxc5 Qd4 24. Rac1 {aiming for c6.} Rfc8 $1 25. Red1 Qb4 26. Qd3 h6 27. Rc4 Qa5 28. Qe3 Rc7 29. h4 Rbc8 {[%cal Rc7c5]} 30. Rdc1 Bc6 31. R4c3 Bb7 32. g4 Qa4 33. Bf3 e5 34. g5 hxg5 35. Rc4 Qd7 36. Qxg5 f6 37. Qg3 Qe7 {[%cal Rc7c5]} 38. Bg4 {Hoping for c6.} Rd8 39. c6 Bc8 40. Bxc8 Rdxc8 41. Qd3 Rd8 42. Qg3 Qe6 43. Qa3 (43. Qg6 {looks sharper.} a5 44. h5 Ra8 45. R4c3 Qe8 46. Ra3) 43... Qg4+ 44. Qg3 Qxg3+ 45. fxg3 {[%mdl 4096] Endgame KRR-KRR} Rdc8 46. Kf2 Kf7 47. Kf3 a5 48. Kg4 a4 49. h5 a3 50. Kf5 Ra8 51. R4c2 Ra6 (51... Rh8 $11) 52. Rb1 (52. Ra2 $14) 52... Raxc6 {The position is equal.} 53. Rxc6 Rxc6 {KR-KR} 54. Rb7+ Kg8 {Strongly threatening ...Ra6.} 55. Kg6 {[#] White wants to mate with Rb8+.} f5+ $1 {[%mdl 512]} 56. Kxf5 Ra6 {...a2 is the strong threat.} 57. Rb1 a2 58. Ra1 Ra5 59. g4 Kf7 60. Kg5 $1 Ra6 61. Kf5 Ra5 62. Kg5 $1 Ra6 63. Kf5 Ra5 64. Kg5 $1 {[#]} g6 $1 {[%mdl 512]} 65. h6 (65. hxg6+ Kg8) 65... Ra6 {Threatens to win with ...Kf8.} 66. Kh4 Kg8 {And now ...Kh8 would win.} 67. g5 $1 Ra4 {Precision: White = 59%, Black = 57%.} 1/2-1/2

[Event "84th Annual Southwest Open"]
[Site "Irving"]
[Date "2018.09.02"]
[Round "4"]
[White "Kumar, Nikhil"]
[Black "Shen, Christopher"]
[Result "0-1"]
[WhiteElo "2268"]
[BlackElo "2254"]
[Annotator "TA"]
[PlyCount "116"]
[EventDate "2018.08.31"]
[EventType "swiss"]
[EventCountry "USA"]
[SourceTitle "playchess.com"]
[Source "ChessBase"]
[SourceQuality "1"]

{[%evp 23,116,58,66,79,122,64,81,81,93,82,150,153,159,141,139,141,145,91,106,74,69,35,50,51,49,-32,-41,-37,-23,-95,2,0,17,-22,-19,-12,9,-14,29,-119,-120,-125,-131,-120,-121,-107,-115,-144,-54,-60,-25,-26,-26,-25,-25,-30,-21,-77,-77,-118,-137,-142,-132,-976,-965,-952,-945,-800,-774,-2066,-1583,-1641,-1455,-1756,-1920,-1481,-1296,-29968,-29970,-29968,-29969,-29967,-29970,-29969,-4606,-29969,-29971,-29974,-29976,-29986,-29987,-29994,-29992,-29995,-29993]} 1. d4 Nf6 2. c4 g6 3. Nc3 Bg7 4. e4 d6 5. Be2 O-O 6. Be3 Nbd7 7. g4 e5 8. d5 Nc5 {E73: King's Indian: Averbakh Variation without 6...c5} 9. f3 a5 10. h4 h5 11. g5 Ne8 (11... Nh7 12. Kd2 Bd7 13. Nh3 c6 14. Nf2 cxd5 15. exd5 f5 16. gxf6 Nxf6 17. Bxc5 dxc5 {0-1 (37) Vallejo Pons,F (2705)-Radjabov,T (2741) Palma de Mallorca 2017}) 12. Qd2 Bd7 {LiveBook: 3 Games} 13. O-O-O b6 $146 ({Predecessor:} 13... Na4 14. Nb1 Qc8 15. Na3 Nb6 {0-1 (52) Berczes,D (2510)-Srinath,R (2355) Budapest 2018}) 14. Nh3 (14. Bf1 $16) 14... Qc8 15. Nf2 Qa6 16. Kb1 a4 (16... Qb7 $142) 17. Nd3 $16 Qa5 18. Qc2 Kh7 19. Bd2 Qa7 20. Rdg1 ({White should play} 20. Rhg1) 20... Qb7 21. Rg2 c6 22. f4 (22. Nb4 {looks sharper.} Nc7 23. Be3 cxd5 24. Nbxd5 Nxd5 25. Nxd5 Rfd8 26. Rc1) 22... cxd5 23. Nxc5 bxc5 24. Nxd5 (24. exd5 $14 exf4 25. Bxf4) 24... exf4 $15 25. Bxf4 Rb8 $1 {[%cal Rb7b2,Ba8b8,Bb8b4,Bb4f4][%mdl 32]} 26. Bd1 (26. Bc1 $1 $11) 26... Qa6 (26... Bxb2 $17 27. Qxb2 Qc8) 27. Qd3 $11 Bc6 28. Bf3 Bxd5 29. exd5 {Bxh5 is the strong threat.} Rb4 30. Rc1 {Black must now prevent Bxh5.} (30. Rc2 $5 {[%cal Rf4d2]}) 30... Nc7 31. Bxh5 (31. Rcc2 $1 $11 {was the only way to keep the balance.}) 31... Qb7 $1 $17 {[%cal Rb4b2]} 32. Rcc2 {And now Bc1 would win.} Nxd5 $1 33. Qxd5 ({Not} 33. Bxd6 $2 Nc3+ $1 {[%mdl 512]} 34. Ka1 Rd8 $19) 33... Qxd5 34. cxd5 Rxf4 35. Bg4 {[#]} Be5 ({Black should try} 35... a3 $1 $17 {[%mdl 512]} 36. b3 (36. bxa3 Rf1+) 36... Re8) 36. a3 Kg7 37. h5 gxh5 38. Bxh5 Rh8 39. Be2 Rd4 40. Bf3 (40. Bb5 $11) 40... Rh3 $36 {[%mdl 2048] Keeping White busy.} 41. Rgf2 Rg3 42. Bh5 Rxg5 43. Bxf7 $2 {[%mdl 8192]} (43. Rg2 $17 Rxg2 44. Rxg2+ Kf8 45. Rf2) 43... Rg1+ $19 44. Rc1 Rxc1+ 45. Kxc1 Bf4+ 46. Rxf4 Rxf4 {[%mdl 4096] Endgame KR-KB} 47. Be6 Kf6 48. Kc2 Ke5 49. Kc3 Rf3+ 50. Kc4 Rb3 51. Bd7 Rxb2 52. Bxa4 Ra2 53. Kb3 Rd2 (53... Rh2 $142 54. Bc6 Kd4 55. Bb5 Kxd5 56. a4 Rh3+ 57. Kc2 c4 58. Ba6 Kc5 59. Bc8 Rh2+ 60. Kb1 Rh8 61. Bd7 d5 62. Kb2 d4 63. Be6 Rh2+ 64. Ka3 d3 65. Bg4 c3 66. a5 c2 67. Kb2 Rh1 68. Kc3 c1=Q+ 69. Kxd3 Qc4+ 70. Ke3 Qxg4 71. Kf2 Rh2+ 72. Ke3 Re2+ 73. Kd3 Qf3#) 54. Bc6 Kd4 {Black mates.} 55. a4 c4+ {[%cal Bc5c4,Bc4c3][%mdl 32]} 56. Kb4 c3 57. Kb3 Rb2+ 58. Ka3 Rb8 {Precision: White = 28%, Black = 61%.} 0-1